Central Library OPAC University of Rajshahi

Costs and returns of boro paddy : (Record no. 73577)

MARC details
000 -LEADER
fixed length control field 00940nam a2200241 a 4500
001 - CONTROL NUMBER
control field 73577
003 - CONTROL NUMBER IDENTIFIER
rucl marc code BD-RjUL
005 - DATE AND TIME OF LATEST TRANSACTION
control field 20211209082419.0
008 - FIXED-LENGTH DATA ELEMENTS--GENERAL INFORMATION
fixed length control field 170604s1978 bg bs 000 0 eng
035 ## - SYSTEM CONTROL NUMBER
System control number (BD-RjUL)73795
040 ## - CATALOGING SOURCE
Original cataloging agency DLC
Transcribing agency DLC
Modifying agency DLC
-- BD-RjUL
Language of cataloging eng
041 ## - LANGUAGE CODE
Language code of text/sound track or separate title eng
082 00 - DEWEY DECIMAL CLASSIFICATION NUMBER
Edition number 23
Classification number 633.1805492
Author mark and year COS 1978
245 10 - TITLE STATEMENT
Title Costs and returns of boro paddy :
Remainder of title a pilot survey in Barisal and Mymensingh Districts, 1978. /
Statement of responsibility, etc. Agro-Economic Research Section.
260 ## - PUBLICATION, DISTRIBUTION, ETC. (IMPRINT)
Place of publication, distribution, etc. Dacca :
Name of publisher, distributor, etc. Agro-Economic Research, Bangladesh Ministry of Agriculture & Forests : [Sole distributor, Bangladesh Books International],
Date of publication, distribution, etc. 1978.
300 ## - PHYSICAL DESCRIPTION
Pagination viii, 44 p. ;
Size 29 cm.
490 1# - SERIES STATEMENT
Series statement Report ;
Volume/sequential designation no. 4
504 ## - BIBLIOGRAPHY, ETC. NOTE
Bibliography, etc Bibliography: leaf 44.
650 #0 - SUBJECT ADDED ENTRY--TOPICAL TERM
Topical term or geographic name as entry element Rice
Geographic subdivision Bangladesh
9 (RLIN) 217712
710 1# - ADDED ENTRY--CORPORATE NAME
Corporate name or jurisdiction name as entry element Bangladesh.
Subordinate unit Agro-Economic Research Section.
9 (RLIN) 217713
830 #0 - SERIES ADDED ENTRY--UNIFORM TITLE
Uniform title Report (Bangladesh. Agro-Economic Research Section) ;
Volume number/sequential designation no. 4.
942 ## - ADDED ENTRY ELEMENTS (KOHA)
Source of classification or shelving scheme Dewey Decimal Classification
Koha item type Books
Holdings
Lost status Source of classification or shelving scheme Damaged status Not for loan Collection code Permanent Location Current Location Shelving location Date acquired Source of acquisition Cost, normal purchase price Total Checkouts Full call number Date last seen Copy number Koha item type
  Dewey Decimal Classification   Not For Loan Non-fiction Central Library, University of Rajshahi Central Library, University of Rajshahi Reading Room 14/04/1980 National Book agency 0.00   633.1805492 COS 1978 04/06/2017 C-1 Books